header

Focus on writing : (Record no. 250782)

MARC details
000 -LEADER
fixed length control field 01311cam a2200349 a 4500
001 - CONTROL NUMBER
control field 15055120
003 - CONTROL NUMBER IDENTIFIER
control field OSt
005 - DATE AND TIME OF LATEST TRANSACTION
control field 20230623122315.0
008 - FIXED-LENGTH DATA ELEMENTS--GENERAL INFORMATION
fixed length control field 071023s2008 nyua 001 0 eng
010 ## - LIBRARY OF CONGRESS CONTROL NUMBER
LC control number 2007939983
020 ## - INTERNATIONAL STANDARD BOOK NUMBER
International Standard Book Number 9780312434236 (student ed. with readings)
International Standard Book Number 0312434235 (student ed. with readings)
International Standard Book Number 9780312440886 (instructor's annotated ed.)
International Standard Book Number 031244088X (instructor's annotated ed.)
040 ## - CATALOGING SOURCE
Original cataloging agency DLC
Transcribing agency DLC
Modifying agency DLC
050 00 - LIBRARY OF CONGRESS CALL NUMBER
Classification number PE1439
Item number .K56 2008
082 00 - DEWEY DECIMAL CLASSIFICATION NUMBER
Classification number 808/.042
Edition number 22
100 1# - MAIN ENTRY--PERSONAL NAME
Personal name Kirszner, Laurie G.
245 10 - TITLE STATEMENT
Title Focus on writing :
Remainder of title paragraphs and essays /
Statement of responsibility, etc Laurie G. Kirszner, Stephen R. Mandell.
260 ## - PUBLICATION, DISTRIBUTION, ETC. (IMPRINT)
Place of publication, distribution, etc New York, NY :
Name of publisher, distributor, etc Bedford/St. Martins,
Date of publication, distribution, etc c2008.
300 ## - PHYSICAL DESCRIPTION
Extent xxxiii, 699 p. :
Other physical details col. ill. ;
Dimensions 24 cm.
500 ## - GENERAL NOTE
General note Includes indexes.
650 #0 - SUBJECT ADDED ENTRY--TOPICAL TERM
Topical term or geographic name as entry element English language
General subdivision Paragraphs
Form subdivision Problems, exercises etc.
Topical term or geographic name as entry element English language
General subdivision Essays
Form subdivision Problems, exercises etc.
Topical term or geographic name as entry element English language
General subdivision Rhetoric
Form subdivision Problems, exercises, etc.
Topical term or geographic name as entry element Report writing
Form subdivision Problems, exercises, etc.
Topical term or geographic name as entry element College readers.
700 1# - ADDED ENTRY--PERSONAL NAME
Personal name Mandell, Stephen R.
906 ## - LOCAL DATA ELEMENT F, LDF (RLIN)
a 7
b cbc
c orignew
d 2
e epcn
f 20
g y-gencatlg
942 ## - ADDED ENTRY ELEMENTS (KOHA)
Source of classification or shelving scheme Library of Congress Classification
Koha item type Long Loan Books
Holdings
Withdrawn status Lost status Source of classification or shelving scheme Damaged status Not for loan Collection code Home library Current library Shelving location Date acquired Total Checkouts Full call number Barcode Date last seen Price effective from Koha item type
    Library of Congress Classification     Non-fiction Rongo University Library Rongo University Library General Stacks 15/10/2015   PE1439 .K56 2008 20087321 15/10/2015 15/10/2015 Long Loan Books
    Library of Congress Classification       Rongo University Library Rongo University Library   24/08/2016   PE1439 .K56 2008 201617219 24/08/2016 24/08/2016 Long Loan Books
    Library of Congress Classification     Non-fiction Rongo University Library Rongo University Library General Stacks 08/03/2017   PE1439 .K56 2008 201614819 08/03/2017 08/03/2017 Long Loan Books

© 2026 Rongo University
Contact us: librarian | system librarian | Rongo university